000 00958nam a2200277 i 4500
003 EG-GICUC
005 20260329105729.0
008 260329s1932 sz ||||fr|||| 00| 0 fre d
040 _aEG-GiCUC
_bfre
_cEG-GiCUC
_dEG-GiCUC
_eRda
082 0 4 _221
_a341.79
_bAC . C
092 0 4 _221
099 _aLaw1 11 341.79 AC . C 1932
100 1 _aAckermann,CH
_eAuteur
245 _aConvention Internationale Pour Le Transport Des Marchandises Par Chemins De Fer (CIM) De 1924 Et Les Modifications a y Apporter / /
_cCH.Ackermann .
264 1 _aGenévé :
_c1932 .
300 _a96 page ;
_c24 cm.
336 _2rda contenu
_a texte
337 _2rda medias
_aOrdinateur
338 _2 transporteur rda
_a Ressource en ligne
546 _aTexte en français
650 _aDroit International Public
650 _aDroit Du Commerce International
856 4 0 _uhttps://fll.law.cu.edu.eg/fulltext/bks/B11-07377.pdf
905 _a59
942 _2ddc
_n0
_cBK
_e21
999 _c67167
_d67167